Giocatori del FC Barcelona - Morte improvvisa - Statistics

Statistiche generali
  • Questo quiz è stato fatto 286 volte
  • Il punteggio medio è 14 su 20
Answers on the Grid
Answers color-coded by a green-red scale on the quiz's grid according to % correct below.
Lionel Messi
Luis Suárez
Raphinha
Martin Braithwaite
Gerard Piqué
Éric Abidal
Yaya Touré
Juan Román Riquelme
Philippe Coutinho
Gary Lineker
Samuel Eto’o
Jean-Clair Todibo
Andrés Iniesta
Michael Laudrup
Ronaldinho
Rivaldo
Johan Cruyff
Xavi
Marc Bartra
Ronald Koeman
Didier Drogba
Baltazar Costa
Sócrates
Jay-Jay Okocha
Florent Mollet
Takefusa Kubo
Robert Pirès
Roberto Carlos
George Weah
Hugo Mallo
Cédric
Adel Taarabt
 
Statistiche sulle risposte
Risposta % Corretto
Lionel Messi
86%
Gerard Piqué
85%
Ronaldinho
84%
Xavi
82%
Andrés Iniesta
81%
Luis Suárez
81%
Samuel Eto’o
81%
Raphinha
80%
Philippe Coutinho
76%
Johan Cruyff
75%
Rivaldo
74%
Éric Abidal
68%
Ronald Koeman
67%
Yaya Touré
66%
Martin Braithwaite
61%
Marc Bartra
58%
Juan Román Riquelme
53%
Michael Laudrup
48%
Jean-Clair Todibo
40%
Gary Lineker
28%
Nessun quiz corrispondente trovato
Distribuzione punteggi
Percentuale di utenti per punteggio
Percentile per numero di risposta
I tuoi punteggi nel tempo
Non hai fatto questo quiz